| 000 | 00476cam a22001811 4500 | ||
|---|---|---|---|
| 001 | 45520 | ||
| 090 | _a45520 | ||
| 100 | _a19930515d1947 km y0pory5003 ba | ||
| 101 | 0 | _apor | |
| 102 | _aPT | ||
| 200 | 1 |
_aOs Gados riqueza nacional _fJ. J. Costa Júnior |
|
| 210 | 9 |
_aLisboa _cEdições Cosmos, _d1947 |
|
| 215 |
_a114, [2] p. _d19 cm |
||
| 225 | 2 |
_aBiblioteca Cosmos. _iProblemas do nosso tempo. _v17 |
|
| 675 | _a636 | ||
| 700 | 1 |
_aCosta Júnior, _bJ. J. |
|
| 801 | 0 |
_aPT _bBN _gRPC |
|
| 990 | _cMON | ||